China : the next economic superpower.
| Main Author: | |
|---|---|
| Format: | Book |
| Published: |
London:
Weidenfeld & Nicolson,
1993.
|
| Subjects: |
| LEADER | 00486cam a2200169 7i4500 | ||
|---|---|---|---|
| 001 | 0000004367 | ||
| 005 | 19991025090000.0 | ||
| 002 | ##000005857 | ||
| 020 | 0 | 0 | |a 0-297-81524-5 |
| 090 | 0 | 0 | |a CHIN 330.9 |b OVE |
| 100 | 1 | 0 | |a Overholt, William H. |
| 245 | 1 | 0 | |a China : |b the next economic superpower. |
| 260 | 0 | 0 | |a London: |b Weidenfeld & Nicolson, |c 1993. |
| 300 | 0 | 0 | |a 293 p.. |
| 650 | 0 | 0 | |a Economic conditions -- |z China |
| 651 | 0 | 0 | |a China |
| 999 | |a 0000006528 |b Book |c Open shelf |e Business Information Centre | ||


